000 00572nam a2200181Ia 4500
005 20240620155140.0
008 240126s9999 xx 000 0 und d
020 _a9781785882364
082 _a005.72 WIL;1 R
100 _aWilliams, Bret. Bownds, Jonathan.
245 0 _aMastering magento 2 : maximize the power of magento 2 to create productive online stores
250 _a2nd ed
260 _bPackt Publisher
_aBirmingham
_c2016
300 _axiii, 317
440 _aNULL
650 _aMastering,magento,maximize,magento,create,productive,stores
942 _cPU
999 _c284014
_d284014